| 000 | 00616nam a22001817a 4500 | ||
|---|---|---|---|
| 999 |
_c175011 _d175011 |
||
| 005 | 20200803155343.0 | ||
| 010 | _aENG-128303 | ||
| 020 |
_c325.00 _a9789352837373 |
||
| 035 | _aEN-111835 | ||
| 037 | _bDBAD/PUB | ||
| 082 |
_a604.2 _23rd ed. |
||
| 100 | _aDhawan,R.K | ||
| 245 |
_aA text book of Engineering Drawing/ _cby R. K. Dhawan _bin first Angle Projection: |
||
| 260 |
_aNew Delhi _bS.Chand _c2019 |
||
| 270 |
_aHead Office:7361,Ram Nagar,Qutab Rord _bNew Delhi _e110055 _k23672080 _l91-11-23677446 _minfo@schandpublishing.com |
||
| 300 |
_ax;766p. _c24cm(pbk) |
||
| 942 |
_2ddc _cEN _h604.2 _mDHA |
||